Ukrajina a WTO bakalárska práca

Gespeichert in:
Bibliographische Detailangaben
1. Verfasser: Urbanová, Lucie
Körperschaft: Fakulta medzinárodných vzťahov EU. Katedra medzinárodných ekonomických vzťahov a hospodárskej diplomacie
Weitere Verfasser: Greššová, Mária
Format: Buch
Sprache:Slowakisch
Veröffentlicht: Bratislava 2009
Tags: Tag hinzufügen
Keine Tags, Fügen Sie das erste Tag hinzu!

MARC

LEADER 00000nam$a2200000$$$4500
001 0099994
005 20240318140956.0
041 0 |a slo 
044 |a SK 
245 1 0 |a Ukrajina a WTO  |b bakalárska práca  |c Lucie Urbanová ; škol. Mária Greššová 
264 1 |a Bratislava  |c 2009 
300 |a 44 s. 
100 1 |a Urbanová, Lucie 
700 1 |a Greššová, Mária 
710 2 |a Fakulta medzinárodných vzťahov EU. Katedra medzinárodných ekonomických vzťahov a hospodárskej diplomacie